Văn học Việt Nam thế kỷ XX : Tạp văn và các thể ký Việt Nam 1945-1975. Quyển 3, tập X Q.3, T.10

Salvato in:
Dettagli Bibliografici
Natura: Libro
Lingua:Vietnamese
Pubblicazione: Văn học 2009
Tags: Aggiungi Tag
Nessun Tag, puoi essere il primo ad aggiungerne! !
Thư viện lưu trữ: Mạng thư viện Đại học Đà Nẵng
LEADER 00740nam a2200241 4500
001 000023101
003 19550
005 20150528140555.0
008 150528s2009 viesd
020 |c 00 
041 0 |a vie 
082 1 4 |a 895922832  |b Vă-H 
245 1 0 |a Văn học Việt Nam thế kỷ XX : Tạp văn và các thể ký Việt Nam 1945-1975. Quyển 3, tập X  |b Q.3, T.10  |c Trịnh Bá Đĩnh chủ biên, Đoàn Ánh Dương, Lê Thị Dương biên soạn. 
260 |b Văn học  |c 2009 
300 |a tr.  |c cm. 
OWN |a LSP 
999 |a From the UDN01 
TYP |a Monograph 
TYP |a Printed language 
980 |a Mạng thư viện Đại học Đà Nẵng